MARC

LEADER 00000nam0a2200000 4500
001 326008
005 20231102003822.0
035 |a (RuTPU)RU\TPU\book\351624 
090 |a 326008 
100 |a 20161216d1978 m y0rusy50 ca 
101 0 |a fre 
102 |a RU 
105 |a a j 001zy 
200 1 |a Книга для чтения на французском языке для технических вузов  |e учебное пособие  |f Э. А. Проничева 
210 |a Москва  |c Высшая школа  |d 1978 
215 |a 144 с.  |c ил. 
300 |a Сост. указ. как автор 
320 |a Словарь: с. 124-143 
606 1 |a Французский язык  |x Учебные руководства и пособия для вузов  |x Хрестоматии  |2 stltpush  |3 (RuTPU)RU\TPU\subj\16843  |9 42743 
610 1 |a авиация 
610 1 |a космическое пространство 
610 1 |a электроника 
610 1 |a радиоэлектроника 
610 1 |a астрономия 
610 1 |a учебные пособия 
610 1 |a хрестоматии 
610 1 |a книги для чтения 
686 |a Ш147.11-923.8  |v LBC/SL-A  |2 rubbk 
700 1 |a Проничева  |b Э. А.  |g Эльвира Александровна 
801 1 |a RU  |b 63413507  |c 20161216 
801 2 |a RU  |b 63413507  |c 20170420  |g RCR 
942 |c BK